000 00888nam a2200289Ia 4500
005 20260324131900.0
008 008 260324s9999 xx 000 0 eng d
020 _a9781482288377
037 _aEBOOK
040 _aCRL
040 _beng
040 _cCRL
041 _2eng
041 _aeng
084 _qCRL
100 _aP. Roca; Claudio Modena; P.B. Lourenço
_91187195
245 0 _aStructural Analysis of Historical Constructions - 2 Volume Set
245 0 _bPossibilities of Numerical and Experimental Techniques - Proceedings of the IVth Int. Seminar on Structural Analysis of Historical Constructions, 10-13 November 2004, Padova, Italy
260 _bTaylor and Francis
260 _c2005
365 _a
365 _b1040
856 _uhttp://www.taylorfrancis.com/books/9781482288377
942 _cEBOOK
999 _c1784758
_d1784758